000
00275nam a22001217a 4500
008
250422b |||||||| |||| 00| 0 eng d
050
_a
JQ 3090
_b
.A64
100
_a
Adebayo Augustine
245
_a
Power in politics
260
_a
Nigeria
_c
1985
300
_a
170p.
942
_c
BK
999
_c
3062
_d
3062